00387nam a2200157Ia 4500008004100000020001800041082000800059100001800067245003300085250000700118260003400125300001100159500002500170650001400195700002000209230524s9999 xx 000 0 und d a9789350142813 bSHA a"Sharma, P.C" 2aA Textbook of Machine Design a12 aNew DelhibS.K. Katariac2012 a1062p. aQuantity Number: 42 aMechanics a"Aggarwal, D.K"